| 000 | 00662nam a2200217Ia 4500 | ||
|---|---|---|---|
| 003 | OSt | ||
| 005 | 20250925143754.0 | ||
| 008 | 221006b |||||||| |||| 00| 0 eng d | ||
| 020 | _a081337216X | ||
| 037 | _cTextual | ||
| 040 |
_aEASL _cEASL _beng |
||
| 041 |
_2eng _aeng |
||
| 100 |
_aLOVEJOY Charles D Ed. _9653102 |
||
| 245 | 0 | _aChinas military reforms | |
| 260 |
_aBoulder _bWestview _c1986 |
||
| 300 |
_a142p. _ccm. |
||
| 490 |
_v CEL _aWestview special studies in military affairs |
||
| 700 |
_a WATSON Bruce W _9653103 |
||
| 942 |
_hV41:594.N8, M6 _cTEXL _2CC _n0 |
||
| 999 |
_c1081217 _d1081217 |
||